000 00431nam a2200169Ia 4500
999 _c30578
_d30578
003 OSt
005 20250523123325.0
008 250310s9999||||xx |||||||||||||| ||und||
040 _c.
082 _a823.912
_bG7991
100 _95911
_aGreene, Graham
245 0 _aOur man in Havana /
_cGraham Greene
260 _aLondon :
_bWilliam Heinemann ltd,
_c1958.
300 _a273 p.
690 _92474
_aEnglish fiction
942 _cBK
_2ddc